[Event "18. European Teams"]
[Site "Porto Carras GRE"]
[Date "2011.11.06"]
[Round "4.2"]
[White "Delchev, Aleksander"]
[Black "Morozevich, Alexander"]
[Result "1-0"]
[WhiteElo "2629"]
[BlackElo "2762"]
[PlyCount "67"]
[EventDate "2011.11.03"]
[Source "Mark Crowther"]
[SourceDate "2011.01.03"]
[WhiteTeam "Bulgaria"]
[BlackTeam "Russia"]
[WhiteTeamCountry "BUL"]
[BlackTeamCountry "RUS"]

{B52: Sizilianisch (Rossolimo-Variante)} 1. e4 c5 2. Nf3 d6 3. Bb5+ Bd7 4.
Bxd7+ Qxd7 5. O-O Nf6 6. Qe2 Nc6 7. Rd1 g5 $146 (7... Rc8 8. c3 e6 9. d4 cxd4
10. Bg5 Be7 11. cxd4 h6 12. Bxf6 Bxf6 13. Nc3 O-O 14. d5 Ne5 15. Nd4 a6 16. a4
Rc4 17. dxe6 fxe6 18. Nc2 Rc6 19. Ne3 Qc7 20. Rac1 Qb6 21. Rc2 Bh4 22. Rf1 {
Ovetchkin,R (2535)-Kobalia,M (2639)/Togliatti 2003/0-1}) (7... g6 8. b3 Bg7 9.
Bb2 O-O 10. d4 cxd4 11. Nxd4 a6 12. c4 Rac8 13. Nxc6 Qxc6 14. Nc3 e6 15. Rd2
Rfd8 16. Rad1 Rd7 17. g3 Rcd8 {Zvjaginsev,V (2653)-Karjakin,S (2599)/Moscow
2005/ 1/2-1/2}) (7... e6 8. d4 cxd4 9. Nxd4 Be7 10. c4 O-O 11. Nc3 Nxd4 12.
Rxd4 Qc6 13. b3 a6 14. Bb2 Rfc8 15. Rad1 b5 16. cxb5 axb5 17. Rb4 Rab8 18. Kf1
Qa8 19. Rxb5 Rxb5 20. Nxb5 Nxe4 21. f3 Nf6 22. Nxd6 {McShane,L (2683)-Sedlak,N
(2556)/Aix-les-Bains FRA 2011/1/2-1/2}) 8. c3 (8. Nxg5 $2 Nd4 9. Qf1 h6 10.
Nxf7 Kxf7 $19) 8... g4 9. Nh4 Qe6 10. d3 O-O-O 11. Bf4 d5 12. Nd2 Nh5 13. Bg3
Nxg3 14. hxg3 h5 15. Nb3 b6 16. d4 c4 (16... cxd4 $5 17. cxd4 dxe4 $11 (17...
Qxe4 $2 18. Qa6+ Kb8 19. Re1 $18)) 17. Nd2 $14 Bh6 18. Nxc4 Kb8 (18... dxc4 $2
19. d5 Qf6 20. Qxc4 $18) 19. a4 dxc4 20. d5 Qc8 21. dxc6 Qxc6 22. Nf5 e5 23.
Rd5 (23. Nxh6 $143 Qxh6 24. Rxd8+ Rxd8 $11) 23... Bg5 (23... Rxd5 24. exd5 Qxd5
25. Rd1 $18) 24. a5 b5 $2 (24... Rxd5 $142 25. exd5 Qxd5 $16) 25. Rad1 $18 a6
26. Rd6 Qc8 $4 (26... Rxd6 27. Rxd6 Qc5 $18) 27. Rb6+ Ka7 28. Nd6 Qc7 29. Rd5
h4 (29... Rh6 30. Qd1 Rhxd6 31. Rbxd6 Rxd6 32. Rxd6 Qc5 $18) 30. Rb7+ Qxb7 31.
Nxb7 Kxb7 32. Qxg4 Bf6 (32... Bc1 33. Qf3 hxg3 34. Qf6 Rxd5 35. exd5 Bxb2 36.
Qb6+ Kc8 37. Qxa6+ Kd7 38. Qxb5+ Kd6 39. Qxb2 Kxd5 40. Qb7+ Ke6 41. a6 $18) 33.
Qf3 Rh6 34. Qe3 (34. Qe3 Rxd5 35. exd5 $18 Bg7 36. Qc5 hxg3 37. d6 gxf2+ 38.
Kxf2 Rf6+ 39. Ke2 Bh6 40. Qb6+ Ka8 41. Qxa6+ Kb8 42. Qb6+ Ka8 43. a6) 1-0

[Event "Corsica Masters"]
[Site "Bastia FRA"]
[Date "2011.10.28"]
[Round "9.2"]
[White "Jones, Gawain"]
[Black "Cheparinov, Ivan"]
[Result "1-0"]
[WhiteElo "2624"]
[BlackElo "2650"]
[PlyCount "73"]
[EventDate "2011.10.22"]
[EventType "swiss"]
[EventRounds "9"]
[EventCountry "FRA"]
[Source "Mark Crowther"]
[SourceDate "2011.01.03"]
[WhiteTeamCountry "BUL"]
[BlackTeamCountry "RUS"]

{B51: Sizilianisch (Rossolimo-Variante)} 1. e4 c5 2. Nf3 d6 3. Bb5+ Nd7 4. d4
cxd4 5. Qxd4 a6 6. Bxd7+ Bxd7 7. c4 Bg4 8. Nc3 e6 9. Be3 $146 (9. Bg5 Qa5 10.
Bd2 Qc7 11. Rc1 Ne7 12. O-O Bxf3 13. gxf3 Nc6 14. Qe3 Ne5 15. f4 Nxc4 16. Qe2
Nxd2 17. Nd5 Qd8 18. Nc7+ Kd7 19. Nxa8 Nxf1 20. Rc7+ Qxc7 21. Nxc7 Kxc7 22.
Kxf1 Be7 23. Qh5 g6 {Stojanovic,D (2466)-Kasimdzhanov,R (2678)/Rogaska Slatina
SLO 2011/1-0}) 9... Ne7 10. Nd2 Nc6 11. Qb6 Qxb6 12. Bxb6 Be7 13. h3 Bh5 14. g4
Bg6 15. f4 f6 16. b3 h5 17. Kf2 Rc8 18. Nf3 Bf7 19. Rhd1 g5 20. f5 Ne5 21. Nxe5
dxe5 22. Kg3 Rc6 23. Na4 exf5 24. exf5 Rd6 (24... Rc8 $142 $5 $11) 25. Rxd6 $16
Bxd6 26. Rd1 Ke7 (26... Be7 $5 $14) 27. Bc5 $18 Bxc5 28. Nxc5 Be8 29. Nxb7 Bc6
30. Na5 Be4 31. b4 Rd8 $4 (31... hxg4 $142 32. hxg4 Rd8 33. Rxd8 Kxd8 $18) 32.
Rxd8 h4+ 33. Kf2 Kxd8 34. Nb3 Kc7 (34... Ke7 $18) 35. Nc5 Bb1 36. Nxa6+ Kb6 37.
Nc5 1-0

[Event "5. SPICE Cup GpA"]
[Site "Lubbock USA"]
[Date "2011.10.22"]
[Round "7"]
[White "Robson, Ray"]
[Black "Dominguez Perez, Leinier"]
[Result "0-1"]
[WhiteElo "2583"]
[BlackElo "2710"]
[PlyCount "42"]
[EventDate "2011.10.15"]
[EventType "tourn"]
[EventRounds "10"]
[EventCountry "USA"]
[EventCategory "17"]
[Source "Mark Crowther"]
[SourceDate "2011.01.03"]
[WhiteTeamCountry "BUL"]
[BlackTeamCountry "RUS"]

{B96: Sizilianisch (Najdorf-Variante)} 1. e4 c5 2. Nf3 d6 3. d4 cxd4 4. Nxd4
Nf6 5. Nc3 a6 6. Bg5 e6 7. f4 h6 8. Bh4 Qb6 9. Qd2 Qxb2 10. Rb1 Qa3 11. f5 Be7
12. fxe6 fxe6 13. Bc4 Nxe4 14. Nxe4 Bxh4+ 15. g3 Bg5 16. Nxg5 hxg5 17. c3 $146
(17. Nxe6 Bxe6 18. Bxe6 Qxg3+ 19. hxg3 Rxh1+ 20. Ke2 Rh2+ 21. Ke1 Rxd2 22. Kxd2
Ra7 23. Bd5 Nd7 24. Rxb7 Rxb7 25. Bxb7 Nc5 26. Bf3 Kd7 {Vallejo Pons,F (2698)
-Morozevich,A (2700)/Reggio Emilia ITA 2011/ 1/2-1/2}) 17... Qc5 18. Bxe6 Qe5+
19. Kf2 $4 (19. Qe2 $142 Qxe2+ 20. Kxe2 $11) 19... Bxe6 $19 20. Rbe1 (20. Nxe6
Qxe6 21. Rbe1 O-O+ 22. Kg2 $19) 20... O-O+ 21. Kg1 Bh3 (21... Bh3 22. Qf2 Qd5
23. Qxf8+ Kxf8 $19) 0-1

[Event "Chigorin Memorial Open"]
[Site "St Petersburg RUS"]
[Date "2011.10.16"]
[Round "3"]
[White "Rasulov, Vugar"]
[Black "Sakaev, Konstantin"]
[Result "1-0"]
[WhiteElo "2523"]
[BlackElo "2609"]
[PlyCount "71"]
[EventDate "2011.10.14"]
[EventType "swiss"]
[EventRounds "9"]
[EventCountry "RUS"]
[Source "Mark Crowther"]
[SourceDate "2011.01.03"]
[WhiteTeamCountry "BUL"]
[BlackTeamCountry "RUS"]

{C42: Russische Verteidigung (Petrow)} 1. e4 e5 2. Nf3 Nf6 3. Nxe5 d6 4. Nf3
Nxe4 5. d4 d5 6. Bd3 Nc6 7. O-O Be7 8. Re1 Bg4 9. c3 f5 10. Qb3 O-O 11. Nbd2
Na5 12. Qc2 Nc6 13. Qb3 Na5 14. Qc2 Nc6 15. b4 a6 16. a4 Bd6 17. Rb1 $146 (17.
Ba3 Kh8 18. b5 (18. Qb2 Qe7 19. b5 Bxa3 20. Rxa3 axb5 21. Bxb5 Bxf3 22. Nxf3
Nd8 23. Bd3 Nf7 24. c4 dxc4 25. Bxc4 Nfd6 26. Ba2 g6 27. Ne5 Qg7 28. f3 Nf6 29.
Nc4 Nxc4 30. Bxc4 Rae8 31. Rae3 Rxe3 32. Rxe3 Re8 {Andreikin,D (2625)
-Rakhmanov,A (2543)/Dagomys 2009/1-0}) 18... axb5 19. Bxd6 cxd6 20. Bxb5 Na5
21. Rac1 Rc8 22. Qb2 Bh5 23. Qb4 h6 24. Bd3 {Cheparinov,I (2572)-Korneev,O 
(2602)/Coria del Rio 2005/ 1/2-1/2}) (17. Nxe4 $2 fxe4 18. Bxe4 dxe4 $19) 17...
Kh8 18. b5 (18. Nxe4 $4 fxe4 (18... dxe4 $6 19. Ng5 exd3 20. Qxd3 $19) 19. Bxe4
dxe4 $19) 18... axb5 19. axb5 Na5 20. Ne5 (20. Nxe4 $4 fxe4 21. Bxe4 dxe4 $19)
20... Qh4 (20... Bh5 $5 $11) 21. Nf1 (21. Nxe4 $143 fxe4 22. Bf1 Bxe5 23. dxe5
Qe7 $15) 21... Bxe5 (21... Rae8 22. Nxg4 fxg4 23. Bxe4 Rxe4 24. Rxe4 dxe4 25.
b6 $16) 22. dxe5 $16 Nc4 23. Bxc4 dxc4 24. Rb4 Rad8 25. Rxc4 Rd2 26. Qxd2 (26.
Bxd2 $6 Qxf2+ 27. Kh1 Bf3 28. gxf3 Qxf3+ 29. Kg1 Qf2+ 30. Kh1 Qf3+ 31. Kg1 Qf2+
32. Kh1 Qf3+ $11) 26... Nxd2 27. Bxd2 f4 (27... Qe7 $5 28. e6 c5 29. bxc6 bxc6
$16) 28. e6 g5 $2 (28... Qe7 $142 29. Bxf4 Bxe6 30. Rxc7 Qf6 $18) 29. Rxc7 $18
Re8 30. Rxb7 Bh3 (30... Bxe6 31. b6 Qg4 $18) 31. gxh3 Qxh3 32. c4 h5 (32... Qf3
33. Rc7 Kg8 $18) 33. Ng3 $1 Kg8 (33... fxg3 34. Bc3+) 34. Bc3 Rxe6 35. Ra1 Re8
(35... Qg2+ 36. Kxg2 Re7 37. Rxe7 f3+ 38. Kf1 Kf8 39. Bb4 Kg8 40. Ra8#) 36.
Raa7 (36. Raa7 Qxh2+ 37. Kxh2 fxg3+ 38. fxg3 Rd8 39. Rg7+ Kf8 40. Bb4+ Rd6 41.
Bxd6+ Ke8 42. Ra8#) 1-0

[Event "4. Final Masters"]
[Site "Sao Paulo/Bilbao BRA/ESP"]
[Date "2011.10.10"]
[Round "9"]
[White "Aronian, Levon"]
[Black "Anand, Viswanathan"]
[Result "1-0"]
[WhiteElo "2807"]
[BlackElo "2817"]
[PlyCount "49"]
[EventDate "2011.09.26"]
[EventType "tourn"]
[EventRounds "10"]
[EventCategory "22"]
[Source "Mark Crowther"]
[SourceDate "2011.01.03"]
[WhiteTeamCountry "BUL"]
[BlackTeamCountry "RUS"]

{D24: Angenommenes Damengambit} 1. d4 Nf6 2. c4 e6 3. Nf3 d5 4. Nc3 dxc4 5. e4
Bb4 6. Bxc4 Nxe4 7. O-O Nf6 $146 (7... Nxc3 8. bxc3 Be7 9. Ne5 O-O 10. Qg4 Nc6
11. Bh6 Bf6 12. Rad1 Ne7 13. Bc1 (13. Rfe1 Ng6 14. Bc1 c5 15. Qh5 Bxe5 16. dxe5
Qh4 17. Qxh4 Nxh4 18. Bg5 Ng6 19. h4 h6 20. h5 Nxe5 21. Rxe5 hxg5 22. Rxc5 b6
23. Rxg5 Rb8 24. Rd3 Kh8 25. Rdg3 Rg8 26. a4 Bd7 27. a5 Rbc8 {Eljanov,P (2716)
-Jakovenko,D (2760)/Jermuk 2009/1/2-1/2}) 13... c5 14. Ba3 Qc7 15. Rfe1 b6 16.
Qh3 Ng6 17. Bd3 Bxe5 18. Rxe5 f5 19. Ree1 Rf6 20. Bc1 cxd4 21. cxd4 Nf4 22. Qg3
{Halkias,S (2600)-Morozevich,A (2694)/Khanty-Mansiysk RUS 2011/0-1}) (7... Bxc3
8. bxc3 Nxc3 9. Qb3 Nd5 10. Ba3 f6 11. Rae1 c6 12. Nd2 b5 13. Qg3 Kf7 14. Bd3
b4 15. Bc1 Ba6 16. Bxa6 Nxa6 17. Rxe6 Qc7 18. Rd6 Rhd8 19. Nc4 Nc3 20. Kh1 Ne4
21. Ne5+ fxe5 22. Qf3+ {Cheparinov,I (2669)-Arnold,M (2445)/Biel SUI 2011/1/
2-1/2}) (7... Nxc3 $5 8. bxc3 Bxc3 $11) 8. Qa4+ $11 Nc6 9. Bg5 Be7 (9... Bxc3
10. bxc3 Bd7 11. Qc2 $14) 10. Bxf6 $14 Bxf6 (10... gxf6 $2 11. d5 exd5 12. Bxd5
$18) 11. d5 exd5 12. Rfe1+ Be6 13. Bxd5 O-O 14. Bxe6 (14. Bxc6 $6 bxc6 15. Qxc6
Qd7 $11) 14... fxe6 15. Rad1 (15. Rxe6 Qd7 16. Re3 Bxc3 17. bxc3 Qf7 $14) 15...
Qe8 16. Ne4 Qe7 (16... Bxb2 $143 17. Neg5 Bf6 18. Nxe6 $16 (18. Rxe6 $6 Qh5 19.
g4 Qg6 $14)) 17. Qb3 Rab8 18. Nxf6+ Rxf6 19. Ng5 Qb4 20. Qc2 (20. Rxe6 $143
Qxb3 21. axb3 Rf5 $15) 20... Rg6 (20... g6 $5 $14) 21. Re4 $16 (21. Nxe6 $4 Re8
22. a3 Qe7 $19) 21... Qa5 (21... Qe7 $142 $5 22. h4 Rd8 23. Rxd8+ Nxd8 $16) 22.
h4 $18 Re8 (22... Qxa2 $4 23. Ra4 Qxa4 24. Qxa4 $18) 23. Rd7 h6 24. b4 (24. Re2
$142 Rxg5 25. hxg5 Qxg5 26. Qc4 $18) 24... Qf5 $4 (24... Qb5 25. a4 Nxb4 26.
Qxc7 Nd5 27. axb5 Nxc7 $18) 25. Rxe6 $18 (25. Rxe6 Qxe6 26. Nxe6 Rgxe6 27. b5
Re1+ 28. Kh2 $18) 1-0

[Event "4. Final Masters"]
[Site "Sao Paulo/Bilbao BRA/ESP"]
[Date "2011.09.30"]
[Round "4"]
[White "Aronian, Levon"]
[Black "Ivanchuk, Vassily"]
[Result "0-1"]
[WhiteElo "2807"]
[BlackElo "2765"]
[PlyCount "76"]
[EventDate "2011.09.26"]
[EventType "tourn"]
[EventRounds "10"]
[EventCategory "22"]
[Source "Mark Crowther"]
[SourceDate "2011.01.03"]
[WhiteTeamCountry "BUL"]
[BlackTeamCountry "RUS"]

{D38: Damengambit (Ragosin-Verteidigung)} 1. Nf3 d5 2. c4 e6 3. d4 Nf6 4. Nc3
Nbd7 5. Bg5 Bb4 6. cxd5 exd5 7. Nd2 c6 8. e3 Nf8 9. Bd3 Be7 $146 (9... Ng6 10.
Qa4 Be7 11. Qc2 Be6 12. h3 Bb4 13. f4 Bd7 14. O-O h6 15. Bxg6 fxg6 16. Qxg6+
Kf8 17. Bh4 Qe8 18. Qd3 Qh5 19. Bxf6 gxf6 20. e4 Rg8 21. Kh2 dxe4 22. Ndxe4 Bf5
23. Qf3 Qxf3 24. Rxf3 {Chernin,A (2620)-Greenfeld,A (2520)/Beersheba 1992/1/
2-1/2}) 10. Qc2 Ne6 11. Bh4 g6 12. h3 O-O 13. Nf3 a5 14. g4 (14. O-O Ng7 $14)
14... b5 15. Ne5 Bb7 16. f4 c5 17. f5 cxd4 18. fxe6 dxc3 19. O-O d4 (19... Ne4
$142 20. exf7+ Kg7 $11) 20. Nxf7 $4 (20. exf7+ $142 Kg7 21. Qh2 $14) 20... Qd5
$19 21. Bxf6 (21. e4 Qxe6 22. Ng5 Qe5 $19) 21... Qh1+ 22. Kf2 Qxh3 23. Ke1 (23.
Bxd4 $4 Bh4+ 24. Ke2 Qxg4+ 25. Rf3 Qxf3#) 23... cxb2 24. Qxb2 Bb4+ 25. Kd1 Bf3+
26. Rxf3 Qxf3+ 27. Be2 Qxf6 28. g5 Qg7 29. Qxd4 Rxf7 $4 (29... Bc3 $142 30.
Qxg7+ Kxg7 $19) 30. exf7+ $15 Qxf7 (30... Kxf7 31. Qd5+ (31. Bxb5 $6 Qxd4+ 32.
exd4 Rd8 $15) 31... Ke7 32. Qb7+ Ke6 33. Bg4+ Ke5 34. Qxg7+ Kd5 35. Qd4+ Kc6
36. Rc1+ Bc3 37. Bf3+ Kc7 38. Rxc3+ Kb8 39. Qb6#) 31. Rc1 Rb8 32. a4 $4 (32.
Rc6 $142 $15) 32... Qb3+ $19 33. Rc2 Qb1+ (33... Rc8 $142 $1 34. Bc4+ bxc4 $19
(34... Rxc4 $6 35. Qd5+ Kg7 36. Qd7+ Kf8 37. Qd8+ Kf7 38. Qd5+ Ke7 39. Qe5+ Kd8
40. Qb8+ Ke7 41. Qe5+ Kf8 42. Qh8+ Kf7 43. Qxh7+ Kf8 44. Qh8+ Ke7 45. Qe5+ Kd8
46. Qb8+ Ke7 47. Qe5+ Kf7 48. Qd5+ Kg7 49. Qd7+ Kg8 50. Qd5+ Kf8 51. Qd8+ Kg7
52. Qd7+ Kh8 53. Qe8+ Kh7 54. Qf7+ Kh8 55. Qe8+ Kg7 56. Qd7+ $11)) 34. Rc1 $11
Qb3+ 35. Rc2 Rc8 36. Bc4+ bxc4 (36... Rxc4 $6 37. Qd5+ Kg7 38. Qe5+ Kf7 39.
Qd5+ Kf8 40. Qd8+ Kg7 41. Qd7+ Be7 42. Qxe7+ Kg8 43. Qe8+ Kg7 44. Qe7+ Kg8 45.
Qe8+ Kg7 46. Qe7+ $11) 37. Qd5+ (37. Qd7 Rf8 38. Qd5+ Rf7 39. Qxc4 Qxe3 $19)
37... Kf8 38. Qd7 (38. Qd4 Qb1+ 39. Rc1 $19) 38... Re8 (38... Re8 39. Qd4 Qb1+
40. Rc1 Qd3+ 41. Qxd3 cxd3 42. Rc4 Rxe3 43. Rf4+ Kg8 44. Rxb4 axb4 45. Kd2 Rg3
46. Kc1 Rg2 47. Kd1 b3 48. Kc1 Rc2+ 49. Kd1 b2 50. a5 b1=Q#) 0-1

[Event "27. ECC"]
[Site "Rogaska Slatina SLO"]
[Date "2011.09.28"]
[Round "4.2"]
[White "Tomashevsky, Evgeny"]
[Black "Ponomariov, Ruslan"]
[Result "1-0"]
[WhiteElo "2710"]
[BlackElo "2758"]
[PlyCount "61"]
[EventDate "2011.09.25"]
[EventType "team"]
[EventRounds "7"]
[EventCountry "SLO"]
[Source "Mark Crowther"]
[SourceDate "2011.01.03"]
[WhiteTeam "Ekonomist SGSEU Saratov"]
[BlackTeam "Tomsk-400"]

{E81: Königsindisch (Sämisch-Angriff)} 1. d4 Nf6 2. c4 g6 3. Nc3 Bg7 4. e4 d6
5. f3 O-O 6. Be3 c5 7. Nge2 Nc6 8. d5 Ne5 9. Ng3 h5 10. Be2 h4 11. Nf1 e6 12.
f4 $146 (12. Nd2 exd5 13. cxd5 a6 (13... h3 14. g4 Bxg4 15. fxg4 Nfxg4 16. Bf4
Bh6 17. Bxe5 Nxe5 18. Nf3 Nxf3+ 19. Bxf3 Qh4+ 20. Ke2 b5 21. Rg1 b4 22. Rg4 Qf6
23. Na4 c4 24. Rg3 c3 25. bxc3 bxc3 26. Qc2 Bf4 27. Rxh3 Rac8 28. Rf1 {
Istratescu,A (2645)-Berg,E (2604)/Eretria GRE 2011/1/2-1/2}) 14. a4 Bd7 15. O-O
(15. a5 b5 16. axb6 Qxb6 17. Ra2 Qb4 18. O-O Bb5 19. Kh1 Rfb8 20. f4 Nc4 21.
Bxc4 Bxc4 22. Ra4 Bxf1 23. Rxb4 cxb4 24. Na4 Bd3 25. Nb6 Rxb6 26. Bxb6 Bxe4 27.
Nxe4 Nxe4 28. Qe1 f5 29. Qxb4 Rc8 {Ponomariov,R (2744)-Grischuk,A (2773)/Wijk
aan Zee NED 2011/1-0}) 15... b5 16. axb5 axb5 17. Rxa8 Qxa8 18. h3 c4 19. Qe1
b4 20. Nd1 Qa2 21. Qxh4 Ba4 22. f4 Nd3 23. Bxd3 cxd3 24. Bd4 Bxd1 25. Rxd1 Nh5
26. Bxg7 Kxg7 {Vyzmanavin,A (2605)-Polgar,J (2630)/Groningen 1993/0-1}) 12...
Neg4 13. Bxg4 Nxg4 14. Qxg4 exd5 15. f5 d4 16. Nd5 dxe3 17. Nfxe3 Bxb2 18. O-O
Bxa1 19. Rxa1 Kg7 (19... b6 20. Rd1 Rb8 21. Nf4 $18) 20. Rf1 $14 Rh8 21. Qf4 g5
22. Qf3 f6 $2 (22... Kf8 23. Ng4 b6 $18) 23. Ng4 $18 Rf8 $4 (23... Kf8 $142 $18
) 24. Qe3 Bd7 (24... Rf7 25. Ngxf6 Rxf6 26. Qxg5+ Kf7 27. Qh5+ Kg8 28. Rf4 Bxf5
29. exf5 Qf8 30. Rg4+ Qg7 31. Rxg7+ Kxg7 32. Qg5+ Rg6 33. Qxg6+ Kf8 34. f6 Rb8
35. Qg7+ Ke8 36. Qe7#) 25. Ndxf6 Rxf6 (25... Qxf6 26. Nxf6 Rxf6 27. Qxg5+ Kf7
28. Qh5+ Kg7 29. Rf4 $18) 26. Qxg5+ Kf7 27. e5 dxe5 28. Rd1 Rxf5 29. Nh6+ Kf8
30. Qg8+ Ke7 31. Qh7+ (31. Qh7+ Ke8 32. Nxf5 Bxf5 33. Qg8+ Ke7 34. Qg5+ Ke8 35.
Qh5+ Ke7 36. Qxh4+ Ke8 37. Qh5+ Ke7 38. Qg5+ Ke8 39. Rxd8+ Rxd8 40. Qxf5 Rd1+
41. Kf2 Rd2+ 42. Kf3 $18) 1-0

[Event "FIDE World Cup 2011"]
[Site "Khanty-Mansiysk RUS"]
[Date "2011.09.13"]
[Round "6.2"]
[White "Ponomariov, Ruslan"]
[Black "Svidler, Peter"]
[Result "0-1"]
[WhiteElo "2764"]
[BlackElo "2739"]
[PlyCount "86"]
[EventDate "2011.08.28"]
[EventType "k.o."]
[EventRounds "7"]
[EventCountry "RUS"]
[Source "Mark Crowther"]
[SourceDate "2011.01.03"]

{D85: Grünfeldindisch (Abtauschvariante, 7.Sf3 bzw nicht 7.Lc4)} 1. d4 Nf6 2.
c4 g6 3. Nc3 d5 4. cxd5 Nxd5 5. e4 Nxc3 6. bxc3 Bg7 7. Qa4+ Bd7 8. Qa3 Nc6 $146
(8... b6 9. Nf3 Bc6 10. Bc4 O-O 11. d5 Bb7 12. O-O c6 13. Bg5 Bf6 14. Rad1 cxd5
15. Bxd5 Bxd5 16. Bxf6 exf6 17. exd5 Nd7 18. Rfe1 Nc5 19. c4 Qd6 20. Nd4 a6 21.
Nc6 Rfe8 22. Qb4 Rxe1+ 23. Rxe1 {Grachev,B (2684)-Petrosian,T (2602)/Ohrid
2009/1/2-1/2}) 9. Nf3 e5 10. Be3 exd4 11. cxd4 Qe7 12. Qxe7+ Nxe7 13. Rb1 O-O-O
14. Bc4 f5 15. Ng5 fxe4 16. Nf7 (16. Nxe4 $143 Bf5 17. f3 Rhe8 $19) 16... Nf5
17. O-O Nxd4 (17... Nxe3 $143 18. fxe3 Bf5 19. Rf4 $16) 18. Bxd4 (18. Rfd1 Bf5
$11) 18... Bxd4 $11 19. Nxh8 Rxh8 20. Bd5 b5 21. Bxe4 c5 22. g3 a5 23. Kg2 b4
24. Bd5 Kc7 25. Bc4 Kd6 26. Rfe1 a4 27. f3 Rb8 28. Re2 $2 (28. g4 $142 $5 $17)
28... Bf5 $19 29. Rd1 b3 30. axb3 axb3 31. g4 Bd7 32. Re3 (32. h4 $142 $19)
32... b2 33. Rb3 Rxb3 (33... Ba4 $5 34. Rxb8 Bxd1 35. Bd3 $19) 34. Bxb3 Bb5 35.
Ba2 Kc6 36. Rd2 Kb6 (36... Bg7 37. Bb1 c4 38. Rd8 $19) 37. f4 $2 (37. Bb1 $142
$19) 37... Bc6+ 38. Kg3 (38. Kf1 Be4 39. Ke2 b1=N 40. Bxb1 Bxb1 $19) 38... Be4
39. Rd1 (39. h3 Kb5 40. f5 Be5+ 41. Kf2 Ka4 $19) 39... Kb5 40. Re1 (40. h3 c4
41. Rxd4 c3 42. Rxe4 c2 $19) 40... Bd3 41. Re7 (41. Rd1 c4 42. Rxd3 cxd3 43.
Kf3 $19) 41... c4 42. Rd7 c3 43. Rd5+ (43. Rxd4 c2 44. Rd5+ Kb4 45. Rxd3 $19)
43... Bc5 (43... Bc5 44. Rxd3 c2 45. Rb3+ Kc6 46. Rxb2 c1=Q $19) 0-1

[Event "FIDE World Cup 2011"]
[Site "Khanty-Mansiysk RUS"]
[Date "2011.09.05"]
[Round "3.4"]
[White "Ivanchuk, Vassily"]
[Black "Sutovsky, Emil"]
[Result "1-0"]
[WhiteElo "2768"]
[BlackElo "2700"]
[PlyCount "73"]
[EventDate "2011.08.28"]
[EventType "k.o."]
[EventRounds "7"]
[EventCountry "RUS"]
[Source "Mark Crowther"]
[SourceDate "2011.01.03"]

{D75: Grünfeldindisch (Fianchetto HV 7... c5)} 1. Nf3 Nf6 2. c4 g6 3. Nc3 d5 4.
cxd5 Nxd5 5. g3 Nxc3 6. bxc3 Bg7 7. Bg2 O-O 8. O-O c5 9. d4 Nc6 10. Be3 (10.
Qa4 Be6 11. e3 Qd7 12. Qa3 b6 13. Rd1 Bh3 14. Qa4 Na5 15. Qxd7 Bxd7 16. Nd2
Rac8 17. Ba3 Rfd8 18. Rac1 Ba4 19. Re1 e6 20. Bb2 Bf8 21. Bf1 cxd4 22. cxd4 Bb4
23. Rxc8 Rxc8 24. Rc1 Rxc1 {Bajarani,U (2437)-Safarli,E (2628)/Nakhchivan AZE
2011/1/2-1/2}) 10... cxd4 11. Nxd4 Na5 12. Qd3 $146 (12. Qa4 Bd7 13. Qb4 Rc8
14. Rad1 Rc4 15. Qb1 Qe8 16. Bxb7 e5 17. Nf3 Bf5 18. Qb2 Nxb7 19. Qxb7 a5 20.
Qa6 Qa4 21. Rd5 Qxa2 22. Nxe5 Ra4 23. Nc6 Be6 24. Rd2 Qc4 25. Qb6 Qxc3 26. Rd8
h5 {Ftacnik,L (2568)-Bacrot,E (2716)/Hamburg GER 2010/1/2-1/2}) (12. Rb1 Nc4
13. Bc1 e5 14. Nb5 Qe7 15. Qd5 Nb6 16. Qd6 Qxd6 17. Nxd6 Be6 18. Ra1 Na4 19.
Ba3 Nxc3 20. Nxb7 Rfb8 21. Nc5 Bd5 22. Bxd5 Nxd5 23. Rac1 Bf8 24. Rfd1 Nb6 25.
Rd3 Rc8 26. Ne4 Bxa3 {Romanishin,O (2615)-Benjamin,J (2620)/Groningen 1993/1-0}
) (12. Qa4 Bd7 13. Qb4 Rc8 $11) 12... Bd7 (12... a6 $5 $11) 13. Nb3 $14 Nc6 14.
Nc5 Ne5 15. Nxb7 (15. Qc2 Bf5 16. Qb3 b6 $11) 15... Qc7 (15... Nxd3 16. Nxd8
Raxd8 17. exd3 $11) 16. Bf4 (16. Qa6 Rab8 $14 (16... Qxc3 $2 17. Rfc1 Qb4 18.
Bc5 $18)) 16... Be6 17. Qe3 Rac8 18. Rab1 (18. Rfc1 $5 $14) 18... Qxc3 $11 19.
a4 (19. Qxc3 Rxc3 20. Rfc1 Rxc1+ 21. Rxc1 Bxa2 $11) 19... Bg4 20. Rfe1 Nc4 21.
Qxa7 Bd4 22. Qa6 Ra8 23. Qc6 Rfc8 24. Qe4 (24. Qd5 $142 $5 Be6 25. Qf3 $15)
24... Bf5 $17 25. Qxe7 Bxb1 26. Rxb1 Re8 27. Qb4 Rxe2 (27... Qc2 28. Bf1 Rxa4
$19 (28... Qxa4 $6 29. e3 Na3 30. exd4 Nxb1 31. Qxb1 Qxd4 32. Nd6 $11)) 28.
Qxc3 $11 Bxc3 29. Nd6 Na3 30. Rc1 Bb2 31. Rc7 (31. Bxa8 $143 Bxc1 32. Bxc1 Re1+
33. Kg2 Rxc1 $17) 31... Re1+ (31... Rxa4 $143 32. Bd5 Rxf4 33. gxf4 $16) 32.
Bf1 Rf8 (32... f6 33. a5 Rd1 $11 (33... Rxa5 34. Bh6 Re8 35. Rg7+ Kf8 36. Ra7+
Kg8 37. Rxa5 $18)) 33. a5 $16 Rd1 (33... Be5 $5 34. Bxe5 Rxe5 $16) 34. a6 $18
g5 35. a7 (35. Bxg5 $142 Be5 36. Rc8 Rxc8 37. Nxc8 $18) 35... Bd4 $4 (35... Nb5
$142 36. Nxb5 gxf4 $16) 36. Bxg5 $18 Bb6 (36... Ra8 37. Nxf7 Kg7 38. Ne5+ Kg8
$18) 37. Nc8 (37. Nc8 Bxa7 38. Nxa7 $18 (38. Rxa7 $143 Rxc8 39. Rxa3 Kg7 $18))
1-0

[Event "FIDE World Cup 2011"]
[Site "Khanty-Mansiysk RUS"]
[Date "2011.08.28"]
[Round "1.1"]
[White "Grischuk, Alexander"]
[Black "Genba, V."]
[Result "1-0"]
[WhiteElo "2746"]
[BlackElo "2452"]
[PlyCount "43"]
[EventDate "2011.08.28"]
[EventType "k.o."]
[EventRounds "7"]
[EventCountry "RUS"]
[Source "Mark Crowther"]
[SourceDate "2011.01.03"]

{D23: Angenommenes Damengambit} 1. d4 d5 2. c4 e6 3. Nf3 Nf6 4. Nc3 dxc4 5.
Qa4+ Nbd7 6. e4 Be7 7. Bxc4 O-O 8. Qc2 c5 9. dxc5 (9. e5 Nd5 10. dxc5 Nxc3 11.
Qxc3 Nxc5 12. O-O b6 13. Bf4 Bb7 14. b4 Ne4 15. Qb3 Ng5 16. Bxg5 Bxg5 17. Rfd1
{Nikolic,P (2600)-Jussupow,A (2645)/Leningrad 1987/ 1/2-1/2}) 9... Bxc5 10. O-O
Ng4 $146 (10... Qc7 11. Qe2 Ng4 12. Bb3 a6 13. h3 Nge5 14. Nxe5 Nxe5 15. Bf4
Bd6 16. Rac1 Qb8 17. Be3 Bd7 18. f4 Ng6 19. e5 Bc7 20. Ne4 Bb5 21. Bc4 Bxc4 22.
Qxc4 Rc8 23. Qd3 b5 24. Rc6 Ba5 25. Rxc8+ {Malaniuk,V (2600)-Lau,R (2530)/
Dortmund 1993/1/2-1/2}) 11. Bf4 Qf6 12. Bg3 Nge5 13. Nxe5 Nxe5 14. Be2 Nc6 15.
e5 Qe7 (15... Nxe5 $4 16. Ne4 Qf5 17. Qxc5 Qxe4 18. Qxe5 (18. Bxe5 Qxe2 19.
Bxg7 Kxg7 20. Qg5+ Kh8 21. Qf6+ Kg8 $18) 18... Qxe5 19. Bxe5 $18) 16. Qe4 Nd4
17. Bh4 Nxe2+ 18. Nxe2 Qd7 $2 (18... g5 $142 $5 19. Qg4 h6 $14) 19. Rad1 (19.
Rac1 Bb6 20. Rfd1 Qb5 $18) 19... Qb5 $2 (19... Qc6 20. Qg4 h5 21. Qxh5 $18) 20.
Qg4 $18 Kh8 $4 (20... Qb4 $142 21. Nf4 Re8 $18 (21... Qxb2 $4 22. Bf6 g6 23.
Nd3 $18)) 21. Bf6 $1 gxf6 (21... gxf6 22. exf6) (21... -- $140 22. Qxg7#) 22.
exf6 (22. exf6 Rg8 23. Rd8 Bxf2+ 24. Rxf2 Qg5 25. Qxg5 Rxd8 26. Qg7#) 1-0